Statistics for Germanic languages spoken today

Click here to take the quiz!

General Stats

  • This quiz has been taken 93 times
  • The average score is 8 of 9

Answer Stats

Specific groupAnswer% Correct
WesternDutch
100%
WesternGerman
100%
NorthNorwegian
99%
NorthDanish
98%
NorthSwedish
98%
WesternEnglish
95%
NorthIcelandic
94%
WesternLuxembourgish
70%
WesternAfrikaans
67%

Score Distribution

Percentile by Number Answered

Percent of People with Each Score

Your Score History

You have not taken this quiz